000 00460nam a2200181Ia 4500
001 15679
005 20260306170213.0
008 260306t2018||||xx |||||||||||||| ||und||
041 _aESP
082 _a572.86
_bD61
100 _aDestro Bisol, Giovanni
_eAUT
245 0 _aIntervista impossibile al DNA:
_bstorie di scienza e umanita
260 _c2018
300 _a217 páginas :
_c20 cm.
650 _aGEN
654 _aCCS
942 _cLIB
_dJUS
_fJUS
_2ddc
_n
999 _c15679
_d15679